Movies Quiz

Random Movies or Oscar Quiz
Score 0/10 Timer 07:00
0 Plays Today
% Correct
Moonlight
97.5%
Manchester by the Sea
97.1%
Lion
97.1%
La La Land
96.6%
Arrival
96.6%
Hidden Figures
96.6%
Fences
95.6%
Hell or High Water
94.1%
20th Century Women
93.6%
The Lobster
88.2%
Remove Ads.
Support Sporcle.
Get the best of Sporcle when you Go Orange. This ad-free experience offers more features, more stats, and more fun while also helping to support Sporcle. Thank you for becoming a member.

You're not logged in!

Compare scores with friends on all Sporcle quizzes.
OR
Log In

Show Comments

Extras

Top Quizzes Today


Score Distribution

Your Account Isn't Verified!

In order to create a playlist on Sporcle, you need to verify the email address you used during registration. Go to your Sporcle Settings to finish the process.

Report this User

Report this user for behavior that violates our Community Guidelines.

Details: